000 00402nam a22001097a 4500
008 230612b xxu||||| |||| 00| 0 eng d
082 _a352.4908
_bKEN
245 _a The Appropriation Accounts, Other Public Accounts Details Excluding Accounts of the Funds of the Republic of Kenya for the 2008/2009
_cGovernment of Kenya
260 _aKenya
_bGovernment of Kenya
_c2009
300 _a650 p
942 _2ddc
_cBK
999 _c1125
_d1125